|
|
|
|
| LEADER |
00000nab a2200000 ar4500 |
| 001 |
vtls009525175 |
| 003 |
SK-MaSNL |
| 005 |
20260303210810.0 |
| 008 |
090612c1971 xo wr|||||||||000 b|slo |
| 015 |
|
|
|a SNBRB1971
|2 snkbucl
|
| 038 |
|
|
|a SNKBUCL
|
| 040 |
|
|
|a SNKBUCL
|b slo
|c SNKBUCL
|e AACR2
|
| 041 |
0 |
|
|a slo
|
| 044 |
|
|
|a xo
|c SK
|
| 080 |
|
|
|a 796.61.093.1
|2 2001
|
| 100 |
1 |
|
|a Haťapka, Kamil,
|d 1932-
|4 aut
|9 235480
|
| 245 |
1 |
0 |
|a Tretí Háva, šiesty Hrazdíra
|b Tour de l'Avenir)
|c Kamil Haťapka
|
| 611 |
2 |
7 |
|a Tou de l'Avenir
|d (1971)
|2 snkbucl
|9 1242966
|
| 650 |
0 |
7 |
|a cyklistika
|2 snkbucl
|9 3263
|
| 773 |
0 |
|
|t Cyklistika
|g Roč. 88, č. 11 (1971), s. 4-5
|
| 852 |
|
|
|a SNK
|
| 999 |
|
|
|c 2201800
|d 2203730
|